000 00392nam a22001337a 4500
020 _a0246119632
082 _a342
_bWOO
_cMCE, L-16, p-56
245 _aBasic construction and surveying law
_cWood, Douglas
260 _aLondon
_bGranada Publishing Ltd
_c1984
300 _aviii, 242 p. :
_bill, ;
_c20 cm.
526 _a0
_b0
_c0
_d342_000000000000000_WOO
650 _aMCE
_9379
942 _2ddc
_cBK
999 _c542284
_d542284